| 000 | 01693nam2a2200301 4500 | ||
|---|---|---|---|
| 001 | rc\3032983 | ||
| 005 | 20260315065206.0 | ||
| 035 | _a(NLR Aleph) 007173819 | ||
| 090 |
_a13621369 _c13621369 |
||
| 100 | _a20111003d1945 u y0rusy50 ca | ||
| 101 | 0 | _arus | |
| 102 | _aRU | ||
| 105 | _aab z ||||| | ||
| 200 | 1 |
_aОрошение, осушение и обводнение _fПод ред. инж. А.М. Царевский (отв. ред.), акад. А.Н. Костяков, проф. А.Д. Брудастов и др. _g[Сост: доц. Зузик Д.Т., д-р наук проф. Шаров И.А., д-р наук, проф. Розов л. п. и др.] |
|
| 210 | _d1945 | ||
| 215 |
_aXVI, 827 с., 1 л. граф. _cкарт., черт., граф. |
||
| 461 | 0 |
_1001rc\3032982 _12001#$aСправочник по мелиорации и гидротехнике$fАкад. с.-х. наук им. В.И. Ленина. Всесоюз. науч.-исслед. ин-т гидротехники и мелиорации$vТ. 3 _97372806 _cМосква _d1945 _fАкад. с.-х. наук им. В.И. Ленина. Всесоюз. науч.-исслед. ин-т гидротехники и мелиорации _nСельхоз _tСправочник по мелиорации и гидротехнике _vТ. 3 |
|
| 702 | 1 |
_aЦаревский _bА.М. _4340 |
|
| 702 | 1 |
_aКостяков _bА.Н. _4340 |
|
| 702 | 1 |
_aБрудастов _bА.Д. _4340 |
|
| 702 | 1 |
_aЗузик _bД.Т. _4220 |
|
| 702 | 1 |
_aШаров _bИ.А. _4220 |
|
| 702 | 1 |
_aРозов _bЛ.П. _4220 |
|
| 801 | 0 |
_aRU _bNLR _gpsbo |
|
| 801 | 1 |
_aRU _bELAR _2rusmarc |
|
| 852 |
_aNLR _bС _j14 Г-3/3 |
||
| 942 | _cUNSPEC | ||
| 980 | _aNB | ||